| 000 | 00457nam a2200181Ia 4500 | ||
|---|---|---|---|
| 008 | 230917s9999||||xx |||||||||||||| ||und|| | ||
| 020 | _cRS510 | ||
| 040 |
_e245623 _aMAIN |
||
| 041 | _aEnglish | ||
| 082 | _a657.48 M474B(17) | ||
| 100 | _aMonga, J R | ||
| 245 | 0 | _aBasic financial accounting | |
| 250 | _a7th ed. | ||
| 260 |
_a[n.d.] _bJ R Monga _c2018 |
||
| 300 | _av. p. | ||
| 500 | _a3037 05/02/2018 HBD18/7364 16/03/2018 Main Budget | ||
| 942 | _cBK | ||
| 999 |
_c25908 _d25908 |
||